| 000 | 00537nam a22001217a 4500 | ||
|---|---|---|---|
| 008 | 110614t xxu||||| |||| 00| 0 eng d | ||
| 010 | _aSCCAF35 | ||
| 245 | _aSupreme Court Civil Application No. 22 OF 1999 Milly Masembe Vs Sugar Corporation (U) LTD and another | ||
| 260 | _c1999 | ||
| 500 | _aCoram: Laetitia E.M. Mukasa-Kikonyogo | ||
| 999 |
_c2852 _d2852 |
||